000 00498nam a22001577a 4500
003 BD-DhUL
005 20200227110111.0
008 171212s1927 ii ||||| |||| 00| 0 urd d
040 _aBD-DhUL
_cBD-DhUL
082 _a630
_bYAK
100 0 _aیحیٰ بن محمد اشبیلی
245 0 _aکتاب الغلاحت :
_cیحیٰ بن محمد اشبیلی
_bجلد ۱ /
260 _aاعظم گڈہ :
_bمطبع معارف،
_c۱۹۲۷۔
300 _aجلد ۱ ؛
_c۲۴ سم۔.
942 _2ddc
_cBK
999 _c251906
_d251906